[Event "Subotica TS03 IM"]
[Site "Subotica"]
[Date "2003.03.25"]
[Round "3"]
[White "Zegarac, Boris"]
[Black "Popovic, Dusan"]
[Result "0-1"]
[WhiteElo "2302"]
[BlackElo "2435"]
[PlyCount "68"]
[EventDate "2003.03.23"]
[EventType "tourn"]
[EventRounds "9"]
[EventCountry "YUG"]
[EventCategory "3"]
[SourceTitle "CBM 093 Extra"]
[Source "ChessBase"]
[SourceDate "2003.05.09"]
[SourceVersion "1"]
[SourceVersionDate "2003.05.09"]
[SourceQuality "1"]

1. b3 e5 2. Bb2 Nc6 3. c4 g6 4. Nf3 Bg7 5. e3 d6 6. d4 e4 7. Nfd2 f5 8. Nc3 Nf6 9. Be2 0-0 10. a3 a5 11. Qc2 Kh8 12. 0-0 Bd7 13. Rae1 Ne7 14. d5 c6 15. dxc6 Nxc6 16. Nb5 Qe7 17. Nb1 Rfd8 18. Rd1 Be6 19. Rd2 d5 20. Rc1 Rac8 21. Qd1 Bg8 22. h3 f4 23. exf4 e3 24. fxe3 Qxe3+ 25. Kh2 Qxf4+ 26. Kg1 Qe3+ 27. Kh2 Ne4 28. Bxg7+ Kxg7 29. Rc3 Nxc3 30. N1xc3 d4 31. Nd5 Bxd5 32. cxd5 Rxd5 33. Bc4 Rxb5 34. Bxb5 Qe5+ 0-1

[Event "Bajmok 10th"]
[Site "Bajmok"]
[Date "2001.01.31"]
[Round "6"]
[White "Zegarac, Boris"]
[Black "Tokovic, Svetozar"]
[Result "0-1"]
[WhiteElo "2271"]
[BlackElo "2318"]
[PlyCount "78"]
[EventDate "2001.01.26"]
[EventType "tourn"]
[EventRounds "13"]
[EventCountry "YUG"]
[EventCategory "4"]
[SourceTitle "CBM 080 Extra"]
[Source "ChessBase"]
[SourceDate "2001.03.08"]
[SourceVersion "1"]
[SourceVersionDate "2001.03.08"]
[SourceQuality "1"]

1. d4 Nf6 2. c4 e6 3. Nf3 d5 4. Nc3 c6 5. e3 Nbd7 6. Qc2 Bd6 7. b3 a6 8. Be2 0-0 9. 0-0 b5 10. e4 dxe4 11. Nxe4 Nxe4 12. Qxe4 Qc7 13. c5 Be7 14. Bf4 Qb7 15. Ne5 Nxe5 16. Bxe5 f6 17. Bf4 e5 18. dxe5 fxe5 19. Bxe5 Bxc5 20. Qc2 Qe7 21. Rae1 Bf5 22. Bd3 Bxd3 23. Qxd3 Rad8 24. Qc2 Rd5 25. Bg3 Qg5 26. Re6 Rd2 27. Qe4 Qf5 28. Qe1 Rxa2 29. Re5 Qc2 30. b4 Bd4 31. Re8 Qf5 32. Bd6 Bxf2+ 33. Kh1 h5 34. Rxf8+ Qxf8 35. Bxf8 Bxe1 36. Bc5 Bc3 37. h4 Bf6 38. Rf5 a5 39. Rxh5 a4 0-1

[Event "Bajmok 10th"]
[Site "Bajmok"]
[Date "2001.01.29"]
[Round "4"]
[White "Zegarac, Boris"]
[Black "Kizov, Atanas"]
[Result "0-1"]
[WhiteElo "2271"]
[BlackElo "2363"]
[PlyCount "56"]
[EventDate "2001.01.26"]
[EventType "tourn"]
[EventRounds "13"]
[EventCountry "YUG"]
[EventCategory "4"]
[SourceTitle "CBM 080 Extra"]
[Source "ChessBase"]
[SourceDate "2001.03.08"]
[SourceVersion "1"]
[SourceVersionDate "2001.03.08"]
[SourceQuality "1"]

1. d4 Nf6 2. c4 g6 3. Nf3 Bg7 4. g3 0-0 5. Bg2 d6 6. 0-0 c6 7. Nc3 Qb6 8. h3 Qa6 9. b3 b5 10. cxb5 cxb5 11. Qd3 b4 12. Ne1 Bxh3 13. Bxa8 Bxf1 14. Kxf1 Qxd3 15. Nxd3 bxc3 16. a4 Nbd7 17. Bc6 Rc8 18. d5 Nb8 19. Ba8 Nbd7 20. Bc6 Nc5 21. Nxc5 dxc5 22. Bf4 Ne4 23. Ke1 Nd2 24. Ra3 c2 25. Kxd2 Bb2 26. Kxc2 Bxa3 27. e4 f6 28. Kc3 g5 0-1

[Event "Bajmok 10th"]
[Site "Bajmok"]
[Date "2001.01.28"]
[Round "3"]
[White "Zegarac, Boris"]
[Black "Varga, Peter"]
[Result "0-1"]
[WhiteElo "2271"]
[BlackElo "2464"]
[PlyCount "56"]
[EventDate "2001.01.26"]
[EventType "tourn"]
[EventRounds "13"]
[EventCountry "YUG"]
[EventCategory "4"]
[SourceTitle "CBM 080 Extra"]
[Source "ChessBase"]
[SourceDate "2001.03.08"]
[SourceVersion "1"]
[SourceVersionDate "2001.03.08"]
[SourceQuality "1"]

1. d4 d5 2. c4 c6 3. Nf3 Nf6 4. Nc3 dxc4 5. e3 b5 6. a4 b4 7. Nb1 Ba6 8. Nbd2 c3 9. bxc3 bxc3 10. Nb1 Bxf1 11. Kxf1 e6 12. Nxc3 Bb4 13. Qc2 0-0 14. Ke2 c5 15. Ba3 Nbd7 16. Rhc1 Bxa3 17. Rxa3 cxd4 18. exd4 Rc8 19. Qb1 e5 20. Kf1 e4 21. Nd2 Qe7 22. Ra1 Rfe8 23. Ne2 Rb8 24. Qc2 e3 25. Nf3 exf2 26. Ng3 Ng4 27. Qd3 Rb2 28. h3 Ne3+ 0-1

[Event "Bajmok 10th"]
[Site "Bajmok"]
[Date "2001.01.27"]
[Round "2"]
[White "Kovac, Zoltan"]
[Black "Zegarac, Boris"]
[Result "0-1"]
[WhiteElo "2158"]
[BlackElo "2271"]
[PlyCount "128"]
[EventDate "2001.01.26"]
[EventType "tourn"]
[EventRounds "13"]
[EventCountry "YUG"]
[EventCategory "4"]
[SourceTitle "CBM 080 Extra"]
[Source "ChessBase"]
[SourceDate "2001.03.08"]
[SourceVersion "1"]
[SourceVersionDate "2001.03.08"]
[SourceQuality "1"]

1. d4 Nf6 2. c4 e6 3. Nc3 Bb4 4. Qc2 c5 5. Nf3 0-0 6. Bg5 h6 7. Bd2 cxd4 8. Nxd4 Nc6 9. Nf3 d5 10. e3 a6 11. a3 Bd6 12. Be2 dxc4 13. Bxc4 b5 14. Ba2 Bb7 15. 0-0 Rc8 16. b4 Ne5 17. Nd4 Nc4 18. Bxc4 Rxc4 19. Qb2 Be5 20. Nce2 Qd6 21. h3 Ne4 22. Rac1 Rfc8 23. Rxc4 Rxc4 24. Rc1 Qd5 25. Rxc4 Qxc4 26. f3 Qxe2 27. fxe4 Bxe4 28. Nxe2 Bxb2 29. Bc1 Be5 30. Kf2 Kf8 31. Nd4 Bd5 32. Bd2 Ke7 33. Bc3 f6 34. Ne2 Kd6 35. Nd4 Be4 36. g3 Kd5 37. Ne2 Bd6 38. Nf4+ Kc4 39. Bd2 Bxf4 40. exf4 Kb3 41. Bc1 Kc2 42. Be3 Kb2 43. Bc5 Kxa3 44. Ke3 Bg2 45. h4 e5 46. fxe5 fxe5 47. Kd2 Kb3 48. Kd3 g6 49. Bd6 h5 50. Be7 e4+ 51. Kd4 Ka4 52. Kc3 a5 53. bxa5 Kxa5 54. Kb3 e3 55. Bd8+ Ka6 56. Bg5 e2 57. Bd2 Kb6 58. Kb4 Bh3 59. Kc3 Kc5 60. Be3+ Kd5 61. Kd2 Bg4 62. Bb6 Kc4 63. Bd8 b4 64. Be7 Kb3 0-1